|
|
|
|
| LEADER |
00968nab a2200229 i 4500 |
| 001 |
acta79043 |
| 005 |
20230826082324.0 |
| 008 |
230705s2015 hu o 0|| eng d |
| 022 |
|
|
|a 0422-9576
|
| 040 |
|
|
|a SZTE Egyetemi Kiadványok Repozitórium
|b hun
|
| 041 |
|
|
|a eng
|
| 100 |
1 |
|
|a Kurucz Csilla
|
| 245 |
1 |
0 |
|a Review of national standardization = Nemzeti szabványosítási hírek
|h [elektronikus dokumentum] /
|c Kurucz Csilla
|
| 260 |
|
|
|a WESSLING Nemzetközi Kutató és Oktató Központ Közhasznú Nonprofit Kft.
|b Budapest
|c 2015
|
| 300 |
|
|
|a 659-660
|
| 490 |
0 |
|
|a Élelmiszervizsgálati közlemények
|v 61 No. 2
|
| 650 |
|
4 |
|a Műszaki és technológiai tudományok
|
| 650 |
|
4 |
|a Egyéb műszaki tudományok és technológiák
|
| 650 |
|
4 |
|a Élelmiszer és italfélék
|
| 695 |
|
|
|a Élelmiszeripar - szabványok
|
| 700 |
0 |
1 |
|a Csík Gabriella
|e aut
|
| 856 |
4 |
0 |
|u http://acta.bibl.u-szeged.hu/79043/1/elelmiszervizsgalati_kozlemenyek_2015_02_659-660.pdf
|z Dokumentum-elérés
|